| Tag |
First Indicator |
Second Indicator |
Subfields |
| LEADER |
00000cam a2200000 i 4500 |
| 001 |
in00004791069 |
| 003 |
OCoLC |
| 005 |
20240805143401.9 |
| 008 |
220902t20232023caua b 001 0 eng |
| 010 |
|
|
|a 2022042471
|
| 040 |
|
|
|a DLC
|e rda
|c DLC
|
| 020 |
|
|
|a 9780520392465
|q (cloth)
|
| 020 |
|
|
|a 0520392469
|
| 035 |
|
|
|a (OCoLC)1347784033
|
| 050 |
0 |
0 |
|a N72.I53
|b N47 2023
|
| 082 |
0 |
0 |
|a 700.987
|2 23/eng/20221121
|
| 100 |
1 |
|
|a Nesselrode Moncada, Sean,
|d 1986-
|e author.
|
| 245 |
1 |
0 |
|a Refined material :
|b petroculture and modernity in Venezuela /
|c Sean Nesselrode Moncada.
|
| 264 |
|
1 |
|a Berkeley :
|b University of California Press,
|c [2023].
|
| 264 |
|
4 |
|c ©2023.
|
| 300 |
|
|
|a xii, 376 pages :
|b illustrations (some color) ;
|c 24 cm.
|
| 336 |
|
|
|a text
|b txt
|2 rdacontent
|
| 337 |
|
|
|a unmediated
|b n
|2 rdamedia
|
| 338 |
|
|
|a volume
|b nc
|2 rdacarrier
|
| 490 |
1 |
|
|a Studies on Latin American art ;
|v 8
|
| 504 |
|
|
|a Includes bibliographical references and index.
|
| 505 |
0 |
|
|a Introduction : the alchemy of refinement -- Designing oil -- Refining Amuay -- Building the vista -- Vibrating nature -- Killing the well -- Epilogue : the ooze of history.
|
| 520 |
|
|
|a Beginning with the oil blowout in 1922 that is considered the moment that marked Venezuela's entry into a 'modern' era, Refined Material explores the integral relationship between Venezuelan oil industry and artistic production. In this groundbreaking study, Sean Nesselrode Moncada examines Venezuela's mid-century art and architecture in an argument that reinforces the inextricability of the rise of a capitalist and centralized state from life, activism and art. Oil provided the crucible for national reinvention, ushering in a period of dizzying optimism and bitter disillusion as artists, architects, graphic designers, activists and critics sought to define the terms of modernity. Looking at five different but interrelated case studies, a print magazine, a planned housing community, a luxury hotel, a kinetic museum installation and a documentary film, this book brings forth a novel reading to the renowned Venezuelan modernist canon and reveals how the logic of refinement conditioned the terms of development and redefined our relationship to nature, matter and one another.
|
| 650 |
|
0 |
|a Art and industry
|z Venezuela
|y 20th century.
|
| 650 |
|
0 |
|a Petroleum industry and trade
|x Social aspects
|z Venezuela
|y 20th century.
|
| 650 |
|
0 |
|a Cultural fusion and the arts
|z Venezuela
|y 20th century.
|
| 650 |
|
0 |
|a Community development
|z Venezuela
|x History
|y 20th century.
|
| 650 |
|
0 |
|a Arts, Venezuelan
|y 20th century.
|
| 830 |
|
0 |
|a Studies on Latin American art ;
|v 8.
|
| 945 |
|
|
|b 72696
|
| 947 |
|
|
|a A14852502252
|
| 948 |
|
|
|a dmitchel 8/5/24 9.30.20
|
| 980 |
|
|
|b print
|c 40032216572
|g 565725
|k USD
|m 40.00
|q 1
|s AcqMono Conventional
|t Approval plan
|u Vendor order reference number
|v ZYBP
|y Print approval
|z Physical resource
|
| 999 |
f |
f |
|i a96bdb08-6100-4190-baf1-73426c10e3fa
|s 297ec73f-cce3-4659-819a-49ba561a083a
|t 0
|
| 952 |
f |
f |
|p normal
|a Texas A&M University
|b College Station
|c Sterling C. Evans Library
|s Evans stk
|d Evans: Library Stacks
|t 0
|e N72.I53 N47 2023
|h Library of Congress classification
|i unmediated -- volume
|m A14852502252
|
| 998 |
f |
f |
|a N72.I53 N47 2023
|t 0
|l Evans: Library Stacks
|